Представление документа в формате RUSMARC

ПолеНазваниеЗначение
  Тип записи a
  Библиографический уровень m
001 Контрольный номер 2b1a31bcc9bd4a45a4ff953ef2b12078
005 Дата корректировки 20140604102458.7
010 Индекс ISBN __
a ISBN 978-5-388-00525-0
101 Язык документа 0_
a Язык текста rus
102 Страна публикации __
a Страна публикации RU
200 Заглавие и сведения об ответственности 1_
a Заглавие Информатика
b Общее обозначение материала Текст
e Сведения, относящиеся к заглавию учебник для вузов
f Первые сведения об ответственности А. Н. Степанов
205 Сведения об издании __
a Основные сведения об издании 6-е изд.
210 Выходные данные 1_
a Место издания СПб.
c Издательство Питер
d Дата издания 2010
215 Физическое описание __
a Объем 720 с.
c Иллюстрации/тип воспроизводства ил.
330 Аннотация __
a Аннотация Для студентов вузов, обучающихся по гуманитарным и социально- экономическим направлениям и специальностям
610 Ключевые слова 0_
a Ключевые слова информатика
a Ключевые слова учебник
a Ключевые слова архитектура компьютера
a Ключевые слова графический интерфейс
686 Индексы других классификаций __
a Классификационный индекс 32.973.2я73
700 Автор _1
a Фамилия Степанов
b Имя А. Н.
801 Источник записи _0
a Страна RU
b Организация РУК
g Правила каталогизации PSBO
801 Источник записи _1
a Страна RU
b Организация РУК
g Правила каталогизации PSBO
852 Данные о местонахождении __
i Авторский знак С 794
j Шифр хранения ББК 32.973.2я73
901 Тип документа __
t Тип документа m
937 Технологическая информация __
a Создатель записи (имя) Геворкова
938 Служебная информация __
a Название организации Поволжский филиал
952 Тип литературы __
b Гриф литературы для ВШ гриф МО
c Вид литературы учебник